|
|
|
|
| LEADER |
01454nam a2200385 a 4500 |
| 001 |
EBC459618 |
| 003 |
MiAaPQ |
| 005 |
20200520144314.0 |
| 006 |
m o d | |
| 007 |
cr cn||||||||| |
| 008 |
070122s2007 dcuab sb i001 0 eng |
| 010 |
|
|
|z 2007002731
|
| 020 |
|
|
|z 0821368826
|
| 020 |
|
|
|z 9780821368824
|
| 035 |
|
|
|a (MiAaPQ)EBC459618
|
| 035 |
|
|
|a (Au-PeEL)EBL459618
|
| 035 |
|
|
|a (CaPaEBR)ebr10176235
|
| 035 |
|
|
|a (CaONFJC)MIL85765
|
| 035 |
|
|
|a (OCoLC)568094384
|
| 040 |
|
|
|a MiAaPQ
|c MiAaPQ
|d MiAaPQ
|
| 043 |
|
|
|a f------
|
| 050 |
|
4 |
|a HC800
|b .N427 2007
|
| 082 |
0 |
4 |
|a 338.96
|2 22
|
| 100 |
1 |
|
|a Ndulu, B. J.
|
| 245 |
1 |
0 |
|a Challenges of African growth
|h [electronic resource] :
|b opportunities, constraints, and strategic directions /
|c Benno J. Ndulu ; with Lopamudra Chakraborti ... [et al.].
|
| 260 |
|
|
|a Washington D.C. :
|b World Bank,
|c c2007.
|
| 300 |
|
|
|a xxi, 252 p. :
|b ill., map.
|
| 504 |
|
|
|a Includes bibliographical references (p. 219-235) and index.
|
| 533 |
|
|
|a Electronic reproduction. Ann Arbor, MI : ProQuest, 2015. Available via World Wide Web. Access may be limited to ProQuest affiliated libraries.
|
| 651 |
|
0 |
|a Africa
|x Economic conditions
|y 1960-
|
| 651 |
|
0 |
|a Africa
|x Politics and government
|y 1960-
|
| 655 |
|
4 |
|a Electronic books.
|
| 700 |
1 |
|
|a Chakraborti, Lopamudra.
|
| 710 |
2 |
|
|a ProQuest (Firm)
|
| 856 |
4 |
0 |
|u https://ebookcentral.proquest.com/lib/matrademy/detail.action?docID=459618
|z Click to View
|